Celebrity Chef Match-Up Quiz Stats

 Plays Quiz Updated Nov 7, 2015

Also try: Top Chef Winners
Challenge
Share
Tweet
Score 0/30 Timer 04:00
0 Plays Today
% Correct
Gordon
96.1%
Julia
85%
Guy
84.9%
Wolfgang
84.8%
Paula
84.1%
Bobby
83.9%
Rachael
83.8%
Anthony
82.5%
Emeril
79%
Jamie
78.9%
Mario
76.5%
Giada
74.5%
Masaharu
74%
Ming
71.3%
Alton
70.9%
% Correct
Nigella
64.2%
Cat
61.8%
Ina
60.7%
Anne
53.2%
Curtis
49.4%
Michael
49.3%
Alex
48.7%
Tyler
48.1%
Amanda
46.3%
Marcus
46.2%
Graham
44.7%
Geoffrey
43.9%
Tom
42.6%
Martin
31.1%
Eric
30.8%

You're not logged in!

Compare scores with friends on all Sporcle quizzes.
Join for Free
OR
Log In

You Might Also Like...

Show Comments

Extras

Top Quizzes Today


Score Distribution

Your Account Isn't Verified!

In order to create a playlist on Sporcle, you need to verify the email address you used during registration. Go to your Sporcle Settings to finish the process.

Report this User

Report this user for behavior that violates our Community Guidelines.

Details: